[Event "32nd British Rapid-ch 2018"]
[Site "Ilkley"]
[Date "2018.11.25"]
[Round "1"]
[White "Alsina Leal, Daniel"]
[Black "Orgler, Philipp"]
[Result "1-0"]
[WhiteElo "2472"]
[BlackElo "2028"]
[Annotator "RC"]
[PlyCount "72"]
[EventDate "2018.11.24"]
[EventType "swiss"]
[EventCountry "ENG"]

1. e4 b6 2. d4 Bb7 3. Bd3 Nf6 4. Qe2 Nc6 5. c3 e5 6. d5 Ne7 7. Nf3 d6 8. c4 g6 9. Nc3 Bg7 10. h3 O-O 11. g4 a6 12. Be3 b5 13. cxb5 axb5 14. Bxb5 c6 15. dxc6 Bxc6 16. Bxc6 Nxc6 17. O-O d5 18. exd5 Nxd5 19. Nxd5 Qxd5 20. Rfd1 Nd4 21. Bxd4 exd4 22. a3 h5 23. Nh2 hxg4 24. hxg4 Rae8 25. Qf3 Qb5 26. b4 Rc8 27. Rd3 Rc3 28. Rad1 Rfc8 29. Nf1 Qa4 30. Ng3 Qxa3 31. b5 Qb3 32. Ne4 Be5 33. Nxc3 dxc3 34. Rd8+ Rxd8 35. Rxd8+ Kg7 36. Qd5 Qb1+ {Kg2Bf6 [%clk 0:00:00] Rd7 [%clk 0:00:00] c2 [%clk 0:00:00] Qxf7+ [%clk 0:00:00] Kh6 [%clk 0:00:00] Qxf6 [%clk 0:00:00] c1=Q [%clk 0:00:00]} 1-0

[Event "32nd British Rapid-ch 2018"]
[Site "Ilkley"]
[Date "2018.11.25"]
[Round "1"]
[White "Tate, Alan"]
[Black "Keely, Roger"]
[Result "1-0"]
[WhiteElo "2335"]
[BlackElo "2040"]
[PlyCount "69"]
[EventDate "2018.11.24"]
[EventType "swiss"]
[EventCountry "ENG"]

1. Nf3 Nf6 2. g3 b5 3. e3 Bb7 4. Bxb5 g6 5. b3 Bg7 6. Bb2 O-O 7. Bf1 c5 8. Bg2 Qc7 9. c4 d5 10. cxd5 Nxd5 11. Bxg7 Kxg7 12. Na3 Nb4 13. O-O Nd7 14. d4 Rad8 15. Qc1 Rc8 16. Rd1 f6 17. Qb2 Be4 18. Nc4 Qb7 19. Ne1 Rfd8 20. Na5 Qa8 21. f3 Bd5 22. e4 Bf7 23. d5 Ne5 24. a3 Na6 25. f4 Ng4 26. Qe2 c4 27. Qxg4 cxb3 28. Nxb3 Rc3 29. Nd4 Rb8 30. Rd3 Rc4 31. Nc6 Rb2 32. Rad1 Qb7 33. Qf3 Nc5 34. Na5 Rxg2+ 35. Nxg2 1-0

[Event "32nd British Rapid-ch 2018"]
[Site "Ilkley"]
[Date "2018.11.25"]
[Round "1"]
[White "Burke, Mitchell R"]
[Black "Gormally, Daniel W"]
[Result "1-0"]
[WhiteElo "1994"]
[BlackElo "2483"]
[Annotator "TA"]
[PlyCount "21"]
[EventDate "2018.11.24"]
[EventType "swiss"]
[EventCountry "ENG"]

{[%evp 9,21,0,19,-347,-333,-342,-320,-1201,141,-1201,123,-1041,218,-1160]} 1. e4 c5 2. Nc3 Nc6 3. f4 g6 4. Nf3 Nd4 (4... Bg7 5. Bb5 d6 6. O-O Bd7 7. Bc4 e6 8. f5 Ne5 9. fxe6 fxe6 10. d3 Qe7 11. Bg5 Nf6 12. Nxe5 dxe5 13. Qf3 O-O 14. Qh3 Qd6 {1-0 (61) Adhiban,B (2673)-Nguyen,N (2666) Hamedan 2018}) 5. Nb5 $146 ({Predecessor:} 5. Bc4 Bg7 6. O-O e6 7. e5 d5 8. exd6 Qxd6 9. Ne4 Qc7 10. Nxd4 cxd4 11. d3 Ne7 {0-1 (26) Pitkanen,S (2205)-Joentausta,H (2156) Finland 2001}) 5... Nxb5 6. e5 $2 {[%mdl 8192] [#] B23: Closed Sicilian: Lines without g3} (6. Bxb5 $11 a6 7. Be2) 6... a6 $19 7. d4 cxd4 8. Qxd4 $2 (8. a4 Na7 9. Be2) 8... a5 $2 (8... Nxd4 $19 9. Nxd4 d6) 9. b4 $2 {[%mdl 8192]} (9. Bxb5 $16 Bg7 10. Qf2) 9... a4 $2 {[#]} (9... Nxd4 $19 10. Nxd4 axb4) 10. Bb2 $2 {[%mdl 8192]} (10. Bxb5 $16 Bg7 11. f5) 10... Rb8 $4 {[%mdl 8192]} (10... Nxd4 $19 11. Bxd4 Nh6) 11. Kd1 $4 {[%mdl 40960] Accuracy: White =  0%, Black =  6%. . Sensor Board Error (Ke4/e5)?} (11. Bxb5 $18 e6 12. Nd2) 1-0

[Event "32nd British Rapid-ch 2018"]
[Site "Ilkley"]
[Date "2018.11.25"]
[Round "1"]
[White "Van Kemenade, Rudy"]
[Black "Bates, Richard A"]
[Result "1/2-1/2"]
[WhiteElo "1953"]
[BlackElo "2378"]
[PlyCount "83"]
[EventDate "2018.11.24"]
[EventType "swiss"]
[EventCountry "ENG"]

1. e4 c5 2. Nf3 d6 3. Bb5+ Nd7 4. O-O a6 5. Bd3 Ngf6 6. Re1 Qc7 7. c3 b5 8. Bc2 Bb7 9. d4 cxd4 10. cxd4 Rc8 11. Bd3 Nxe4 12. a4 b4 13. Nbd2 Nef6 14. a5 e6 15. Qe2 Qc6 16. Nc4 Be7 17. Bd2 Ne4 18. Bxb4 Ng5 19. Ncd2 Nxf3+ 20. Nxf3 O-O 21. Rec1 Qxc1+ 22. Rxc1 Rxc1+ 23. Ne1 Nb8 24. Qd2 Rfc8 25. Bc3 Ra1 26. f3 Bf6 27. Kf2 Bd5 28. Nc2 Rh1 29. Kg3 h6 30. Nb4 Bb7 31. Qe2 Nc6 32. Nxc6 Rxc6 33. d5 Rxc3 34. bxc3 Bxd5 35. Be4 Bxe4 36. Qxe4 Bxc3 37. Qa8+ Kh7 38. Qxa6 f5 39. Qxd6 Bxa5 40. Qxe6 Bc7+ 41. f4 Rc1 42. Qxf5+ {Kh8Qf8+ [%clk 0:00:00] Kh7 [%clk 0:00:00] Kg4 [%clk 0:00:00] Rc4 [%clk 0:00:00] g3 [%clk 0:00:00] Rc6 [%clk 0:00:00] h4 [%clk 0:00:00] Rf6 [%clk 0:00:00] Qc8 [%clk 0:00:00] Bd6 [%clk 0:00:00] h5Bf8 [%clk 0:00:00]} 1/2-1/2

[Event "32nd British Rapid-ch 2018"]
[Site "Ilkley"]
[Date "2018.11.25"]
[Round "2"]
[White "Gormally, Daniel W"]
[Black "Shaw, Peter"]
[Result "1/2-1/2"]
[WhiteElo "2483"]
[BlackElo "2077"]
[Annotator "RC"]
[PlyCount "36"]
[EventDate "2018.11.24"]
[EventType "swiss"]
[EventCountry "ENG"]

1. e4 c5 2. Nf3 e6 3. c3 d5 4. exd5 exd5 5. d4 Nf6 6. Bb5+ Bd7 7. Bxd7+ Nbxd7 8. O-O Be7 9. dxc5 Nxc5 10. Nd4 O-O {Nf5Re8 [%clk 0:00:00]} 11. Qf3 {Bf8 [%clk 0:00:00] Be3 [%clk 0:00:00]} Ne6 12. Nd2 b5 {Rad1 [%clk 0:00:00] Qc7 [%clk 0:00:00] Nb3 [%clk 0:00:00] Rad8 [%clk 0:00:00]} 13. h3 a5 {Nbd4 [%clk 0:00:00]} 14. b4 {cxb4 [%clk 0:00:00]} axb4 {Rc1 [%clk 0:00:00] Qb7 [%clk 0:00:00] Nh6+ [%clk 0:00:00] gxh6 [%clk 0:00:00]} 15. Qxf6 {Bg7 [%clk 0:00:00] Qh4 [%clk 0:00:00]} Nxd4 {Bxd4 [%clk 0:00:00] Rd6 [%clk 0:00:00] Bxg7 [%clk 0:00:00] Kxg7 [%clk 0:00:00]} 16. Qxd4 {Kg8 [%clk 0:00:00] Rfe1 [%clk 0:00:00] Rde6 [%clk 0:00:00] Rxe6 [%clk 0:00:00] Rxe6 [%clk 0:00:00] Qg4+ [%clk 0:00:00] Kf8 [%clk 0:00:00] Qf4 [%clk 0:00:00] Qe7 [%clk 0:00:00] Rc7 [%clk 0:00:00] Re1+ [%clk 0:00:00] Kh2 [%clk 0:00:00] Qe5 [%clk 0:00:00] Rxf7+ [%clk 0:00:00] Kg8 [%clk 0:00:00]} b3 17. Qf4 {Rxf4 [%clk 0:00:00] Re2 [%clk 0:00:00] Rxb4 [%clk 0:00:00]} Rxa2 {Rd4Rxf2 [%clk 0:00:00] Rxd5 [%clk 0:00:00] Rb2 [%clk 0:00:00] Rb5 [%clk 0:00:00] Kf7 [%clk 0:00:00] Rb6 [%clk 0:00:00] Kg7 [%clk 0:00:00] Kg3 [%clk 0:00:00] Rc2 [%clk 0:00:00] b4 [%clk 0:00:00] Rb2 [%clk 0:00:00] b5 [%clk 0:00:00] Rb4 [%clk 0:00:00] Kf3 [%clk 0:00:00] h5 [%clk 0:00:00] Rb8 [%clk 0:00:00]} 18. h4 {b6 [%clk 0:00:00]} h6 {Ke3 [%clk 0:00:00] Kh7 [%clk 0:00:00] Kd3 [%clk 0:00:00] Kg7 [%clk 0:00:00] Kc3Rb1 [%clk 0:00:00] Kc4 [%clk 0:00:00] Rb2 [%clk 0:00:00] Kc5Rc2+ [%clk 0:00:00] Kb5 [%clk 0:00:00] Rb2+ [%clk 0:00:00] Kc6Rc2+ [%clk 0:00:00] Kb7 [%clk 0:00:00] Rxg2 [%clk 0:00:00] Rd8 [%clk 0:00:00] Rg3 [%clk 0:00:00] Kc6 [%clk 0:00:00] Rxh3 [%clk 0:00:00] Rd7+ [%clk 0:00:00] Kf6 [%clk 0:00:00] b7 [%clk 0:00:00] Rb3 [%clk 0:00:00] Kc7 [%clk 0:00:00] Rxb7+ [%clk 0:00:00] Kxb7 [%clk 0:00:00] Kf5 [%clk 0:00:00] Rd4 [%clk 0:00:00] Kg5 [%clk 0:00:00] Kc6 [%clk 0:00:00] h3 [%clk 0:00:00] Kd5 [%clk 0:00:00] h2 [%clk 0:00:00] Rd1Kf4 [%clk 0:00:00] Kd4 [%clk 0:00:00] Kf3 [%clk 0:00:00]} 1/2-1/2

[Event "32nd British Rapid-ch 2018"]
[Site "Ilkley"]
[Date "2018.11.25"]
[Round "2"]
[White "Sarakauskas, Gediminas"]
[Black "Han, Yichen"]
[Result "1-0"]
[WhiteElo "2425"]
[BlackElo "2061"]
[Annotator "TA"]
[PlyCount "89"]
[EventDate "2018.11.24"]
[EventType "swiss"]
[EventCountry "ENG"]

{[%evp 19,89,44,61,56,68,54,63,69,75,0,95,95,106,76,77,52,63,37,50,32,39,33,46,52,53,52,52,45,47,45,39,36,38,30,70,68,130,102,102,102,111,110,104,109,105,89,217,208,221,221,196,141,145,144,290,287,298,289,282,288,281,285,309,305,311,308,303,277,384,394,452,454]} 1. e4 c5 2. Nf3 d6 3. d4 cxd4 4. Qxd4 Bd7 5. c4 Nc6 6. Qe3 {B53: Sicilian: 2...d6: Lines with Qxd4} Nf6 7. h3 g6 8. Nc3 Bg7 9. Be2 O-O 10. O-O Rc8 {LiveBook: 5 Games} (10... Nb4 11. Rb1 a6 12. b3 Nh5 {½-½ (83) Alekseev,E (2622)-Tsydypov,Z (2529) Sochi 2017}) 11. Rd1 Qc7 12. Bd2 a6 13. Rac1 e6 $146 ({Predecessor:} 13... Qb8 14. Nd5 {0-1 (70) Savitskiy,S (2373)-Dragun,K (2392) Porto Carras 2010}) 14. Qf4 (14. Qd3 $16) 14... Rfd8 (14... Nh5 $11 15. Qe3 Rfe8) 15. Qh4 $16 Ne8 16. Bf4 Ne5 17. Nxe5 ({Reject} 17. Bxe5 dxe5 18. b4 (18. Ng5 Nf6 $15) 18... h6 $11) 17... dxe5 18. Be3 Bc6 19. Nd5 (19. b4 {keeps more tension.} Bf8 20. Rxd8 Qxd8 21. Qxd8 Rxd8 22. b5) 19... exd5 20. cxd5 Rd6 21. dxc6 Rxc6 22. Rxc6 Qxc6 23. Rc1 Qe6 24. Rxc8 Qxc8 25. Qe7 Bf6 26. Qb4 Qc6 27. Bc4 Nc7 ({Better is} 27... Nd6 $14 28. Bd5 Qc7) 28. Qb3 Qxe4 29. Bxf7+ Kh8 30. Qb6 $40 {[%cal Rb6f6][%mdl 128] [#] White is out for blood.} Qc6 31. Qxc6 bxc6 {[%mdl 4096] Endgame KBB-KBN} 32. Bc4 Nd5 {[#]} (32... e4 $16) 33. Bd2 $1 $18 ({Much less strong is} 33. Bxa6 $6 Nxe3 34. fxe3 Kg7 $16) 33... e4 34. Bxa6 Bxb2 35. Bb7 (35. a4 $18) 35... Bc3 36. Bg5 ({Don't take} 36. Bxc6 Bxd2 37. Bxd5 e3 $16) 36... Bb4 (36... Kg7 $16 {was worth a try.} 37. Bxc6 Nb4) 37. Bxc6 Nc3 38. a3 Ba5 39. Kf1 Kg7 40. Bd2 Kf6 41. Bxe4 Ke5 42. Bc2 Kd4 43. Bb3 Bd8 44. Bg8 Kd3 45. Bh6 {Precision: White = 75%, Black = 36%.} 1-0

[Event "32nd British Rapid-ch 2018"]
[Site "Ilkley"]
[Date "2018.11.25"]
[Round "2"]
[White "Hamer, Martyn"]
[Black "Tate, Alan"]
[Result "1/2-1/2"]
[WhiteElo "2051"]
[BlackElo "2335"]
[PlyCount "61"]
[EventDate "2018.11.24"]
[EventType "swiss"]
[EventCountry "ENG"]

1. Nf3 d5 2. d4 Nf6 3. c4 {c6Qc2 [%clk 0:00:00]} dxc4 {Qxc4 [%clk 0:00:00] Bg4 [%clk 0:00:00]} 4. Nbd2 Nbd7 5. g3 e6 6. Bg2 Be7 7. O-O O-O 8. b3 {Rc8 [%clk 0:00:00] Bb2 [%clk 0:00:00]} b5 {Qd3 [%clk 0:00:00] Bf5 [%clk 0:00:00]} 9. e4 Nc5 10. Qe2 Ncxe4 11. Ne5 Nxd2 12. Qxd2 Nd5 13. Qe2 a6 14. a4 f6 15. Nd3 Re8 16. Re1 Qd7 {Rac1 [%clk 0:00:00] Bxd3 [%clk 0:00:00] Qxd3 [%clk 0:00:00] f5 [%clk 0:00:00] Re2 [%clk 0:00:00] g6 [%clk 0:00:00] Rce1 [%clk 0:00:00] Bb4 [%clk 0:00:00]} 17. Rd1 Kf7 18. h4 h5 {Re5 [%clk 0:00:00] Bd6 [%clk 0:00:00] Re2 [%clk 0:00:00] Rb8 [%clk 0:00:00] Bc1 [%clk 0:00:00] Be7 [%clk 0:00:00]} 19. Re1 {Bf6 [%clk 0:00:00] Bb2 [%clk 0:00:00]} Qd6 20. Qd2 Qb4 21. Qc2 Qd6 {Rc1 [%clk 0:00:00] Rbc8 [%clk 0:00:00]} 22. Qd2 Qd7 23. Qa5 Bd8 24. Qd2 Be7 25. Qh6 Bf8 26. Qd2 Bb4 27. Qh6 Rh8 28. Qg5 Qe7 29. Bxd5 {cxd5 [%clk 0:00:00] Qe3 [%clk 0:00:00]} Qd7 {Rec2 [%clk 0:00:00] Rxc2 [%clk 0:00:00] Rxc2 [%clk 0:00:00] Rc8 [%clk 0:00:00] Qc1 [%clk 0:00:00] Rxc2 [%clk 0:00:00] Qxc2bxa4 [%clk 0:00:00] bxa4 [%clk 0:00:00] Ke8 [%clk 0:00:00] Bc1 [%clk 0:00:00] Bd6 [%clk 0:00:00] Bg5 [%clk 0:00:00] Qc7 [%clk 0:00:00] Qb3 [%clk 0:00:00] Kd7 [%clk 0:00:00]} 30. Kg2 Qc6 {Bf6 [%clk 0:00:00] Kc8 [%clk 0:00:00]} 31. Kg1 {Bc7 [%clk 0:00:00]} 1/2-1/2

[Event "32nd British Rapid-ch 2018"]
[Site "Ilkley"]
[Date "2018.11.25"]
[Round "2"]
[White "Talbot, Mark A"]
[Black "Alsina Leal, Daniel"]
[Result "0-1"]
[WhiteElo "2029"]
[BlackElo "2472"]
[Annotator "TA"]
[PlyCount "47"]
[EventDate "2018.11.24"]
[EventType "swiss"]
[EventCountry "ENG"]

{[%evp 15,47,7,3,0,0,0,1,3,3,-18,0,-75,-75,-56,-64,-63,-33,-33,-33,-33,-33,-33,-33,-43,-17,-17,321,-25,416,-8,431,-11,453,-728]} 1. d4 Nf6 2. Nf3 g6 3. e3 Bg7 4. Bd3 d5 5. Nbd2 Nbd7 6. b3 {D04: Colle System} b6 7. Bb2 Bb7 8. O-O O-O {LiveBook: 3 Games} 9. Qe2 $146 (9. c4 e6 10. Rc1 dxc4 11. Nxc4 Qe7 12. Ba3 c5 13. Qe2 Rac8 14. Nfe5 Nxe5 15. dxe5 {½-½ (45) Nakamura,H (2786)-Caruana,F (2802) chess.com INT 2017}) 9... Ne4 10. c4 e6 11. Rac1 c5 12. Rc2 (12. cxd5 {is interesting.} exd5 13. Ba6 Bxa6 14. Qxa6 Re8 15. Rc2) 12... cxd4 13. Nxd4 (13. exd4 $11 Nxd2 14. Rxd2) 13... Ndc5 $17 14. cxd5 Nxd3 15. Qxd3 Nxd2 16. Qxd2 Qxd5 {[%csl Gb7][%cal Rd5g2] [#]} 17. Nf3 Qxd2 18. Rxd2 Rfd8 {Strongly threatening ...Rxd2.} 19. Bxg7 Rxd2 20. Nxd2 {[#] Black must now prevent Bf6.} Rd8 $2 {[%mdl 8192]} (20... Kxg7 $11 {and Black is okay.} 21. Rc1 Rd8) 21. Nb1 $2 (21. Bc3 $18) 21... a5 $2 {[%mdl 8192]} (21... Kxg7 $11 22. Rc1 Rd7) 22. f3 $2 (22. Bf6 $18 Rd6 23. Nc3) 22... b5 $2 {[%mdl 8192]} (22... Kxg7 $11 {and Black stays safe.} 23. Rc1 b5) 23. Kf2 $2 (23. Bf6 $18 Rc8 24. Rd1) 23... b4 $2 {[%mdl 8192]} (23... Kxg7 $11 {and Black has nothing to worry.} 24. Rc1 b4) 24. Rd1 $4 {[%mdl 8192] Accuracy: White = 22%, Black = 25%.} (24. Bf6 $18 Rd7 25. Rc1) 0-1

[Event "32nd British Rapid-ch 2018"]
[Site "Ilkley"]
[Date "2018.11.25"]
[Round "3"]
[White "Gormally, Daniel W"]
[Black "Willow, Jonah B"]
[Result "1-0"]
[WhiteElo "2483"]
[BlackElo "2224"]
[Annotator "TA"]
[PlyCount "59"]
[EventDate "2018.11.24"]
[EventType "swiss"]
[EventCountry "ENG"]

{[%evp 24,59,25,12,32,16,19,10,51,60,45,52,51,42,155,141,160,139,143,141,164,162,150,153,178,167,179,150,148,122,118,131,168,160,366,351,343,336]} 1. d4 Nf6 2. Nf3 e6 3. c4 c5 4. d5 exd5 5. cxd5 d6 6. Nc3 g6 7. e4 a6 8. h3 b5 9. Bd3 Bg7 10. O-O O-O 11. Re1 Re8 {A70: Modern Benoni: 6 e4 g6 7 Nf3} 12. Bg5 (12. Bf4 Qb6 13. a3 Nbd7 14. Qd2 Bb7 15. b4 Rac8 16. Rac1 Nh5 17. Be3 Qd8 18. Ne2 f5 19. exf5 Bxd5 {1-0 (43) Karpov,A (2623)-Hou,Y (2654) Harbin 2018}) 12... Nbd7 13. Qd2 {LiveBook: 3 Games} Qc7 {The position is equal.} 14. Bh6 c4 $146 {Hoping for ...Bxh6.} ({Predecessor:} 14... Bh8 15. Ng5 Ne5 16. f4 Nxd3 17. Qxd3 c4 18. Qf3 Bb7 19. Rac1 Nd7 20. b4 cxb3 21. Nxb5 Qb6+ 22. Kh1 axb5 23. Qxb3 Nc5 {0-1 (23) Timergazi,L (1281)-Jackson,L (1970) Wellington 2012}) 15. Bc2 Nc5 16. Bxg7 Kxg7 17. b4 cxb3 $1 18. axb3 {And now Nxb5! would win.} b4 {[#]} (18... Bb7 $14) 19. Nb5 $1 $16 {[%cal Rb5c7][%mdl 576] Pin, Discovered Attack} Qb6 {[#]} (19... axb5 20. Rxa8) 20. Nxd6 $1 {[%mdl 576] Remove Defender, Decoy} Qxd6 21. e5 {[%mdl 64] Double Attack} Qd8 22. exf6+ Qxf6 23. Qxb4 ({But not} 23. Rxe8 Qxa1+ 24. Re1 Qc3 $16) 23... Rxe1+ 24. Rxe1 Nb7 25. Nd2 {Ne4 is the strong threat.} ({Don't do} 25. Re8 $6 Nd6 $16) 25... a5 26. Qa3 {Threatens to win with Re8.} Nd6 27. Nc4 $40 {[%mdl 128] Black is in trouble.} Nb5 28. Qc5 Nd4 $2 (28... Ba6 $16 {was worth a try.}) 29. Re8 $18 {[%csl Ge8][%cal Rc5f8]} Nf3+ 30. gxf3 {Accuracy: White = 81%, Black = 37%.} 1-0

[Event "32nd British Rapid-ch 2018"]
[Site "Ilkley"]
[Date "2018.11.25"]
[Round "3"]
[White "Alsina Leal, Daniel"]
[Black "Cohen, Aron J"]
[Result "1-0"]
[WhiteElo "2472"]
[BlackElo "2265"]
[PlyCount "45"]
[EventDate "2018.11.24"]
[EventType "swiss"]
[EventCountry "ENG"]

1. e4 d6 2. d4 Nf6 3. Nc3 g6 4. f4 Bg7 5. Nf3 c5 6. Bb5+ Bd7 7. Bxd7+ Nfxd7 8. d5 O-O 9. O-O Na6 10. Kh1 Nc7 11. a4 f5 12. exf5 Rxf5 13. g4 Rf8 14. Nb5 Nxb5 15. axb5 a6 16. Ng5 axb5 17. Ne6 Qb6 18. Rxa8 Rxa8 19. f5 Ne5 20. Qe1 Ra4 21. h3 Bf6 22. g5 Bh8 23. fxg6 1-0

[Event "32nd British Rapid-ch 2018"]
[Site "Ilkley"]
[Date "2018.11.25"]
[Round "3"]
[White "Sarakauskas, Gediminas"]
[Black "Hamer, Martyn"]
[Result "1-0"]
[WhiteElo "2425"]
[BlackElo "2051"]
[Annotator "TA"]
[PlyCount "55"]
[EventDate "2018.11.24"]
[EventType "swiss"]
[EventCountry "ENG"]

{[%evp 14,55,22,22,30,11,36,44,45,27,36,-31,51,50,39,39,52,44,42,43,58,62,428,31,545,105,737,712,1047,836,1262,383,1341,956,1640,1290,2297,2124,2200,1186,1584,885,1377,-1614]} 1. d4 Nf6 2. g3 g6 3. Bg2 Bg7 4. e4 d6 5. Ne2 O-O 6. O-O e5 7. h3 Nbd7 8. Nbc3 {LiveBook: 300 Games} a5 $146 {B07: Pirc Defence: Miscellaneous Systems} (8... a6 9. a4 b6 10. Be3 Bb7 11. g4 Re8 12. Ng3 Nf8 13. f4 exd4 14. Bxd4 Ne6 15. Be3 Nc5 16. Bxc5 bxc5 17. Re1 Nd7 18. Kh2 Rb8 {1-0 (52) Li,R (2581)-Moradiabadi,E (2549) Las Vegas 2018}) 9. Be3 exd4 10. Nxd4 Re8 {White is slightly better.} 11. Qd2 Nc5 {[%cal Rc5e4]} 12. Bg5 (12. f3 $1 $14) 12... Ne6 ({Black should play} 12... h6 $1 $15 13. Bxh6 Nfxe4 14. Bxe4 Nxe4 15. Nxe4 Bxh6 16. Qxh6 Rxe4) 13. Nxe6 $1 $14 Bxe6 14. Rfe1 Qc8 15. Kh2 Nd7 16. Bh6 a4 17. Bxg7 a3 $2 {[%mdl 8192] [#]} (17... Kxg7 $14 18. b3 axb3) 18. f4 $2 (18. Bh6 $18) 18... Nb6 $2 {[%mdl 8192]} (18... axb2 $14 19. Rab1 Kxg7) 19. Rad1 $2 (19. Bh6 $18) 19... f5 $2 {[%mdl 8192]} (19... Kxg7 $16 20. f5 Bd7) 20. exf5 $18 Qd8 21. g4 g5 22. Re5 $2 {[#]} (22. Bh6) 22... Nd7 $2 (22... dxe5 23. Qf2 (23. fxe6 $2 Qxd2 24. Rxd2 Kxg7 $19) 23... Qe7) 23. Re3 {White is clearly winning.} b5 24. Bc6 Qb8 25. Rxe6 Rxe6 26. Kg3 Qd8 27. Bxb5 Re2 28. Qe3 $4 {[%mdl 40960] Accuracy: White = 26%, Black =  6%. . Loss on time!?} (28. Nxe2 $18 Kxg7 29. Bxd7 axb2 30. Qc3+ Qf6 31. Qxc7) 1-0

[Event "32nd British Rapid-ch 2018"]
[Site "Ilkley"]
[Date "2018.11.25"]
[Round "3"]
[White "Shaw, Peter"]
[Black "Bates, Richard A"]
[Result "0-1"]
[WhiteElo "2077"]
[BlackElo "2378"]
[PlyCount "55"]
[EventDate "2018.11.24"]
[EventType "swiss"]
[EventCountry "ENG"]

1. d4 Nf6 2. c4 e6 3. Nf3 Bb4+ 4. Nbd2 O-O 5. a3 Bxd2+ 6. Bxd2 d6 7. g3 Nc6 8. Bg2 e5 9. d5 Ne7 10. O-O Ne4 11. Ne1 f5 12. Nd3 Ng6 13. b4 Nxd2 14. Qxd2 f4 15. c5 Qf6 16. Rac1 Rf7 17. Rc4 Bf5 18. cxd6 cxd6 19. e4 Bd7 20. Rfc1 Raf8 21. Rc7 Bb5 22. Bh3 Rxc7 23. Rxc7 fxg3 24. Bf5 Nh4 25. Qc2 Nxf5 26. exf5 Qxf5 27. Rc3 e4 28. Qd1 0-1

[Event "32nd British Rapid-ch 2018"]
[Site "Ilkley"]
[Date "2018.11.25"]
[Round "4"]
[White "Alsina Leal, Daniel"]
[Black "Sarakauskas, Gediminas"]
[Result "0-1"]
[WhiteElo "2472"]
[BlackElo "2425"]
[Annotator "TA"]
[PlyCount "72"]
[EventDate "2018.11.24"]
[EventType "swiss"]
[EventCountry "ENG"]

{[%evp 25,71,0,0,0,0,0,0,0,6,0,0,0,0,0,9,0,3,0,0,-10,-8,-10,-10,-181,-172,-170,-168,-530,-183,-519,16,17,18,0,0,0,8,20,17,0,8,0,0,0,0,-4870,-2372,-29999]} 1. e4 e5 2. Nf3 Nc6 3. Bb5 Nf6 4. O-O Nxe4 5. d4 {[%cal Bd2d4,Bd4e5][%mdl 32]} Nd6 6. dxe5 Nxb5 7. a4 Nbd4 8. Nxd4 Nxd4 9. Qxd4 d5 10. exd6 Qxd6 11. Qe3+ {C67: Ruy Lopez: Berlin Defence: 4 0-0 Nxe4} Be6 (11... Be7 12. Nc3 c6 13. Re1 Be6 14. Ne4 Qc7 15. Nc5 Bxc5 16. Qxc5 b6 17. Qa3 c5 18. a5 O-O 19. axb6 Qxb6 {½-½ (63) Hou,Y (2658)-Ponomariov,R (2686) Shenzhen 2018}) 12. Nc3 a6 13. Rd1 Qc6 $1 {LiveBook: 16 Games} 14. Qg3 {With the idea Nb5!} Bd6 $1 {[%cal Rd6g3]} 15. Bf4 Bxf4 16. Qxf4 O-O 17. Rd3 Rfd8 $146 ({Predecessor:} 17... Rad8 18. Rad1 Rxd3 19. Rxd3 {0-1 (41) Richter,N (2045)-Noeldner,J (1978) Willingen 2018}) 18. Rad1 Rxd3 19. Rxd3 Qc5 20. h4 h6 21. Rg3 {Strongly threatening Ne4.} Kf8 22. Qe4 Bf5 23. Qxb7 Re8 {[#] White must now prevent ...Re1+.} 24. Qd5 $2 ({Not} 24. Qxa6 $2 Re1+ 25. Kh2 Qxf2 $19) (24. Qf3 $11) 24... Re1+ $19 25. Kh2 Qxf2 {[%csl Ge1][%cal Rf2g1]} 26. Qd8+ Re8 27. Qxc7 $2 (27. Rf3 Qxf3 {[#]} 28. Qxe8+ $1 {[%mdl 512]} Kxe8 29. gxf3) 27... Kg8 $2 (27... Qd4 $19 28. h5 Kg8) 28. Nd5 $11 Bxc2 29. Qc3 $40 {[%csl Gg3][%cal Rc3g7][%mdl 128] White has some attack.} Bg6 {And now ...h5 would win.} 30. h5 Re1 31. Qc8+ ({Don't play} 31. hxg6 Qg1+ 32. Kh3 Qh1+ 33. Kg4 f5+ 34. Kxf5 Qh5+ 35. Kf4 Qh4+ 36. Rg4 Rf1+ 37. Qf3 Rxf3+ 38. Kxf3 Qd8 $17) 31... Kh7 32. hxg6+ fxg6 {( -> ...Qg1+)} 33. Rf3 Qg1+ $1 34. Kg3 Re5 $1 {[%cal Re5g5]} 35. Qd7 $2 {[%mdl 8192]} (35. Nf6+ $11 gxf6 36. Qb7+ Kh8 37. Qb8+ Kh7 38. Qb7+ Kg8 39. Qb8+ Kg7 40. Qc7+ Kg8 41. Qd8+ Kh7 42. Qd7+ Kh8 43. Qd8+ Kh7 44. Qc7+ Kh8 45. Qd8+ Kh7) 35... Rg5+ $19 36. Kf4 Qd4# {Accuracy: White = 36%, Black = 65%.} 0-1

[Event "32nd British Rapid-ch 2018"]
[Site "Ilkley"]
[Date "2018.11.25"]
[Round "4"]
[White "Bates, Richard A"]
[Black "Gormally, Daniel W"]
[Result "1/2-1/2"]
[WhiteElo "2378"]
[BlackElo "2483"]
[Annotator "TA"]
[PlyCount "107"]
[EventDate "2018.11.24"]
[EventType "swiss"]
[EventCountry "ENG"]

{[%evp 13,107,38,38,0,22,-4,-7,-43,-24,-50,0,0,0,0,0,0,0,-7,-14,-18,-11,-51,-45,-49,-33,-44,-18,-50,-1,-26,-22,-19,-14,-14,-14,-14,-18,-26,-25,-25,-28,-76,-81,-94,0,-12,0,0,0,0,0,-14,-14,-14,-14,-22,-22,-22,-14,-14,-14,-14,-14,-20,-14,-14,-14,-22,0,-29,-29,-29,-29,-29,-21,-29,0,-29,-14,-21,-29,-29,-29,-29,-29,-29,-29,-29,39,33,38,33,141,141,269,272]} 1. d4 Nf6 2. Nf3 e6 3. c4 d5 4. g3 dxc4 5. Bg2 Nbd7 6. O-O c6 7. a4 a5 8. e3 $146 {[%cal Be2e3,Be3e4][%mdl 1056] White has compensation. E04: Open Catalan: 5 Nf3} ({Predecessor:} 8. Qc2 b5 9. axb5 cxb5 10. Ne5 Nd5 11. Nc3 Nxe5 12. dxe5 Nb4 13. Qe4 Rb8 14. Rd1 Qc7 15. Bg5 Bd7 {1-0 (26) Perez Ponsa,F (2586)-Flores,D (2590) Villa Martelli 2016}) 8... Nd5 {[%cal Bf6d5,Bd5b4,Bb4d3][%mdl 32]} 9. Nfd2 b5 10. e4 {The position is equal.} Nb4 11. Nc3 Be7 12. axb5 cxb5 13. Nxb5 Ba6 14. Nc3 O-O 15. Nf3 Nd3 16. Ra2 Bb4 17. Bd2 Bb7 18. Qe2 Nf6 19. Rfa1 Bxc3 20. Bxc3 {aiming for Ne5.} Bxe4 21. Rxa5 Rxa5 22. Rxa5 h6 23. Ne5 Bxg2 24. Kxg2 Nd5 25. Qd2 Nxe5 26. dxe5 Qc7 27. Qd4 Rd8 28. Ra1 Nf6 (28... Nxc3 $17 29. Qxc3 Rd3) 29. Qf4 Qc6+ 30. Qf3 Nd5 31. Ra7 Rd7 32. Rxd7 Qxd7 33. Qe4 Qb5 34. Qf3 Qb3 35. h4 {[#]} h5 $1 {[%mdl 512]} 36. Bd4 (36. Qxh5 Nxc3) 36... Qc2 37. Bc3 g6 38. Bd4 Qd2 39. Bc3 Qc1 40. Bd4 Kg7 41. Bc3 Qa1 42. Bd4 Qa4 43. Bc3 Qc6 44. Bd4 Qd7 45. Bc3 Ne7 46. Qe4 Qb5 47. Qf3 {Threatening Qf6+.} Nf5 48. Kh2 Qd7 49. Kg2 Qd8 50. Qe4 g5 (50... Qd5 $11 51. Kf3 Qb5) 51. hxg5 $14 Qxg5 52. Qxc4 h4 {[#]} (52... Qxg3+ $14 53. fxg3 Ne3+ 54. Kf3 Nxc4) 53. Qf4 $1 $16 {[%cal Rf4g5]} Qg6 (53... Qe7 $16 54. g4 Qb7+ 55. f3 Ne7 56. Qf6+ Kg8 57. Qxh4 Nd5 58. Qg5+ Kf8) 54. g4 {[%mdl 32768] Accuracy: White = 46%, Black = 48%. . An unexpected result.} 1/2-1/2